Từ điển Chính tả học sinh
Gồm những từ ngữ thông dụng thường gặp trong sách giáo khoa phổ thông và những từ khó đánh vần, khó phát âm đúng hoặc dễ phát âm lẫn với từ khác, các mục từ được sắp xếp theo trật tự A, B, C...
Na minha lista:
| Autor principal: | |
|---|---|
| Formato: | Livro |
| Idioma: | Undetermined |
| Publicado em: |
Hà Nội
Giáo dục
2003
|
| Assuntos: | |
| Tags: |
Adicionar Tag
Sem tags, seja o primeiro a adicionar uma tag!
|
| Thư viện lưu trữ: | Trung tâm Học liệu Trường Đại học Cần Thơ |
|---|
| LEADER | 00860nam a2200205Ia 4500 | ||
|---|---|---|---|
| 001 | CTU_93611 | ||
| 008 | 210402s9999 xx 000 0 und d | ||
| 082 | |a 495.9223 | ||
| 082 | |b Y600 | ||
| 100 | |a Nguyễn, Như Ý | ||
| 245 | 0 | |a Từ điển Chính tả học sinh | |
| 245 | 0 | |c Nguyễn Như Ý | |
| 260 | |a Hà Nội | ||
| 260 | |b Giáo dục | ||
| 260 | |c 2003 | ||
| 520 | |a Gồm những từ ngữ thông dụng thường gặp trong sách giáo khoa phổ thông và những từ khó đánh vần, khó phát âm đúng hoặc dễ phát âm lẫn với từ khác, các mục từ được sắp xếp theo trật tự A, B, C | ||
| 650 | |a Vietnamese language | ||
| 650 | |x Spelling | ||
| 904 | |i Tuyến | ||
| 980 | |a Trung tâm Học liệu Trường Đại học Cần Thơ | ||